000 00310nam a22001457a 4500
008 210527b ||||| |||| 00| 0 eng d
020 _a0155117378
041 _aeng
080 _25th
_a53
082 _a53
100 _a43
101 _aFIZ
245 _aCollege Physics
_cFranklin Miller
942 _2udc
_cBK
999 _c57726
_d57726